[Event "Dortmund Sparkassen op-A 51st"]
[Site "Dortmund"]
[Date "2024.08.17"]
[Round "8"]
[White "Mainka, Romuald"]
[Black "Wagner, Alexej"]
[Result "1-0"]
[WhiteElo "2370"]
[BlackElo "2201"]
[PlyCount "85"]
[EventDate "2024.08.10"]
[EventType "swiss"]
[EventRounds "9"]
[EventCountry "GER"]
[SourceTitle "CBM 221 Extra"]
[Source "ChessBase"]
[SourceDate "2024.09.30"]
[SourceVersion "1"]
[SourceVersionDate "2024.09.30"]
[SourceQuality "1"]

1. Nf3 d5 2. e3 Nf6 3. c4 dxc4 4. Bxc4 e6 5. 0-0 c5 6. b3 Nc6 7. Bb2 Be7 8. d4 cxd4 9. Nxd4 Bd7 10. Nf3 a6 11. Nbd2 0-0 12. Qb1 b5 13. Be2 Nd5 14. Bd3 h6 15. Bh7+ Kh8 16. Be4 Nf6 17. Bd3 Qc7 18. Qd1 Rac8 19. a3 Rfd8 20. Qe2 Be8 21. Rac1 Qb8 22. e4 e5 23. b4 Nh5 24. g3 Bd7 25. Kg2 Qd6 26. Bb1 Qg6 27. Kh1 Bg4 28. Qe3 Qf6 29. Ba2 Be6 30. Bxe6 Qxe6 31. Rc2 Nf6 32. Rfc1 Nd4 33. Rxc8 Rxc8 34. Rxc8+ Qxc8 35. Nxe5 Ne6 36. Nxf7+ Kg8 37. Ne5 Bd6 38. Nd3 Qc2 39. Bxf6 gxf6 40. Nf3 Qc3 41. e5 fxe5 42. Qxh6 Nd4 43. Qg6+ 1-0

[Event "Dortmund Sparkassen op-A 51st"]
[Site "Dortmund"]
[Date "2024.08.13"]
[Round "4"]
[White "Stalmach, Richard"]
[Black "Wagner, Alexej"]
[Result "1-0"]
[WhiteElo "2443"]
[BlackElo "2201"]
[PlyCount "61"]
[EventDate "2024.08.10"]
[EventType "swiss"]
[EventRounds "9"]
[EventCountry "GER"]
[SourceTitle "CBM 221 Extra"]
[Source "ChessBase"]
[SourceDate "2024.09.30"]
[SourceVersion "1"]
[SourceVersionDate "2024.09.30"]
[SourceQuality "1"]

1. e4 c5 2. Nf3 Nc6 3. Bb5 e6 4. 0-0 Nge7 5. Re1 a6 6. Bf1 d5 7. exd5 Nxd5 8. d4 cxd4 9. Nxd4 Ndb4 10. Nxc6 Qxd1 11. Rxd1 Nxc6 12. Nd2 e5 13. Nc4 Be6 14. Be3 f6 15. Nd6+ Bxd6 16. Rxd6 Kf7 17. Bb6 Ne7 18. Rad1 Rhc8 19. c4 Nf5 20. R6d2 Bxc4 21. Rd7+ Kg6 22. g4 Nh4 23. Rxb7 Bxf1 24. Rdd7 Kg5 25. Rxg7+ Kf4 26. Kxf1 Kf3 27. Bc7 h6 28. Rb3+ Ke4 29. Rd7 Nf3 30. Kg2 Nd4 31. Re3+ 1-0

[Event "Dortmund Sparkassen op-A 51st"]
[Site "Dortmund"]
[Date "2024.08.11"]
[Round "2"]
[White "Lin, Yi2"]
[Black "Wagner, Alexej"]
[Result "1/2-1/2"]
[WhiteElo "1950"]
[BlackElo "2201"]
[PlyCount "73"]
[EventDate "2024.08.10"]
[EventType "swiss"]
[EventRounds "9"]
[EventCountry "GER"]
[SourceTitle "CBM 221 Extra"]
[Source "ChessBase"]
[SourceDate "2024.09.30"]
[SourceVersion "1"]
[SourceVersionDate "2024.09.30"]
[SourceQuality "1"]

1. e4 c5 2. Nf3 Nc6 3. d3 g6 4. g3 Bg7 5. Bg2 e6 6. 0-0 Nge7 7. Re1 d6 8. c3 e5 9. Nbd2 0-0 10. a3 h6 11. b4 Be6 12. Nb3 c4 13. dxc4 Bxc4 14. Bb2 a5 15. Bf1 Bxf1 16. Rxf1 Qd7 17. b5 Nd8 18. a4 b6 19. Ba3 Nb7 20. Rc1 Rac8 21. Qd3 Qe6 22. c4 f5 23. Nfd2 f4 24. c5 Nxc5 25. Bxc5 dxc5 26. Qc4 Kf7 27. Rfd1 Rcd8 28. Qxe6+ Kxe6 29. Nc4 Nc8 30. Kf1 h5 31. Ke1 Bf6 32. Rxd8 Rxd8 33. Rd1 g5 34. h3 Rxd1+ 35. Kxd1 Bd8 36. g4 hxg4 37. hxg4 1/2-1/2

[Event "Dortmund Sparkassen op 47th"]
[Site "Dortmund"]
[Date "2019.07.15"]
[Round "3"]
[White "Wagner, Alexej"]
[Black "Andersen, Gunnar James"]
[Result "0-1"]
[WhiteElo "2277"]
[BlackElo "2166"]
[PlyCount "114"]
[EventDate "2019.07.13"]
[EventType "swiss"]
[EventRounds "9"]
[EventCountry "GER"]
[SourceTitle "EXT 2020"]
[Source "ChessBase"]
[SourceDate "2019.10.17"]
[SourceVersion "1"]
[SourceVersionDate "2019.10.17"]
[SourceQuality "1"]

1. d4 Nf6 2. c4 g6 3. Nc3 Bg7 4. e4 d6 5. Nf3 0-0 6. Be2 e5 7. d5 a5 8. Bg5 h6 9. Bh4 Na6 10. Nd2 Qe8 11. 0-0 Bd7 12. b3 Nh7 13. a3 h5 14. f3 Bh6 15. Bf2 Qd8 16. Kh1 h4 17. Rb1 Bf4 18. Qe1 Qg5 19. Rb2 Kg7 20. Bxh4 Qh6 21. Bg3 Rh8 22. Bxf4 exf4 23. g4 Ng5 24. Qf2 f6 25. b4 axb4 26. axb4 Rh7 27. Ra1 Rah8 28. Nf1 Qh3 29. Rc1 Qh6 30. Rcb1 f5 31. exf5 gxf5 32. Qd4+ Kg8 33. Qxf4 Rf7 34. Qg3 Qg7 35. Rc2 Rh3 36. Qe1 fxg4 37. fxg4 Qg6 38. Bd1 Qd3 39. Ng3 Rxg3 40. Qxg3 Rf1+ 41. Kg2 Rxd1 42. Qxd3 Rxd3 43. b5 Nc5 44. b6 cxb6 45. Rxb6 Bxg4 46. Rxd6 Bh3+ 47. Kg1 Nce4 48. Rd8+ Kh7 49. Nxe4 Nxe4 50. Rc1 Rd2 51. Rf8 Kg7 52. Rf4 Rg2+ 53. Kh1 Nf2+ 54. Rxf2 Rxf2 55. c5 Rd2 56. Rb1 Bg2+ 57. Kg1 Bxd5 0-1

[Event "NRW Class1 1819"]
[Site "Germany"]
[Date "2019.05.12"]
[Round "9.2"]
[White "Kartsev, Soel"]
[Black "Wagner, Alexej"]
[Result "0-1"]
[WhiteElo "2251"]
[BlackElo "2307"]
[PlyCount "102"]
[EventDate "2018.09.16"]
[EventType "team-tourn"]
[EventRounds "9"]
[EventCountry "GER"]
[SourceTitle "EXT 2023"]
[Source "ChessBase"]
[SourceDate "2022.10.05"]
[SourceVersion "1"]
[SourceVersionDate "2022.10.05"]
[SourceQuality "1"]
[WhiteTeam "Brackel SF"]
[BlackTeam "Lippstadt Turm"]
[WhiteTeamCountry "GER"]
[BlackTeamCountry "GER"]

1. e4 c5 2. Nf3 d6 3. c3 Nf6 4. h3 Nc6 5. Bd3 e5 6. Bc2 Be7 7. 0-0 0-0 8. Re1 Qc7 9. d3 d5 10. Nbd2 d4 11. Nf1 Rd8 12. Ng3 Rb8 13. Qe2 b5 14. Nf5 Bxf5 15. exf5 Nd5 16. cxd4 Nxd4 17. Nxd4 cxd4 18. Bb3 Bf6 19. Bd2 h6 20. Rac1 Qd7 21. g4 Nf4 22. Bxf4 exf4 23. Qf3 Bg5 24. Rc5 Qb7 25. Kg2 a6 26. Rec1 Qe7 27. Rc7 Rd7 28. Rxd7 Qxd7 29. Rc5 Re8 30. Rd5 Qa7 31. a3 Kh7 32. Rd6 Re7 33. Qd5 Bh4 34. Kf3 Qc7 35. Qc6 Qa5 36. Bxf7 Rxf7 37. Rxh6+ gxh6 38. Qg6+ Kh8 39. Qxf7 Qd8 40. Qe6 Qf6 41. Qc8+ Kg7 42. Qc7+ Kg8 43. Qxf4 Qc6+ 44. Qe4 Qxe4+ 45. dxe4 Bg5 46. b3 d3 47. a4 Kf7 48. axb5 axb5 49. e5 b4 50. h4 Bc1 51. e6+ Kf6 0-1

[Event "NRW Class1 1819"]
[Site "Germany"]
[Date "2018.12.09"]
[Round "4.2"]
[White "Wagner, Alexej"]
[Black "Becker, Marcel"]
[Result "1/2-1/2"]
[WhiteElo "2280"]
[BlackElo "2272"]
[PlyCount "106"]
[EventDate "2018.09.16"]
[EventType "team-tourn"]
[EventRounds "9"]
[EventCountry "GER"]
[SourceTitle "EXT 2022"]
[Source "ChessBase"]
[SourceDate "2021.10.06"]
[SourceVersion "1"]
[SourceVersionDate "2021.10.06"]
[SourceQuality "1"]
[WhiteTeam "Lippstadt Turm"]
[BlackTeam "Oberhausen SV"]
[WhiteTeamCountry "GER"]
[BlackTeamCountry "GER"]

1. d4 d5 2. c4 c6 3. Nf3 Nf6 4. e3 g6 5. Nc3 Bg7 6. Qb3 0-0 7. Bd2 e6 8. Bd3 Nbd7 9. 0-0 Re8 10. Rad1 e5 11. dxe5 Nxe5 12. Nxe5 Rxe5 13. cxd5 cxd5 14. Ne2 Re7 15. Bc3 Be6 16. Nf4 Qc7 17. Rc1 Qb8 18. Bd4 Ng4 19. Bxg7 Kxg7 20. Qb4 Kf6 21. h3 Ne5 22. Qd4 Rc7 23. Be2 Rxc1 24. Rxc1 Ke7 25. Nxd5+ Bxd5 26. Qxd5 a6 27. f4 Nc6 28. Rd1 Kf8 29. Qc5+ Kg8 30. Rd7 Qc8 31. Qd5 Qe8 32. e4 Rd8 33. Rxd8 Nxd8 34. Bc4 Qe7 35. Kh1 Qc7 36. Qd4 b5 37. Bb3 a5 38. Qf6 Nb7 39. Bd5 Nc5 40. a3 Nd3 41. Bxf7+ Qxf7 42. Qd8+ Kg7 43. Qxd3 Qxf4 44. Qd4+ Kh6 45. Kg1 a4 46. Qb4 Qc1+ 47. Kf2 Qc2+ 48. Kf3 Qd3+ 49. Kf2 Qc2+ 50. Kf1 Qd3+ 51. Ke1 Qg3+ 52. Kf1 Qd3+ 53. Kf2 Qc2+ 1/2-1/2

[Event "Dortmund Sparkassen op-A 46th"]
[Site "Dortmund"]
[Date "2018.07.20"]
[Round "7"]
[White "Wagner, Alexej"]
[Black "Savchenko, Daniel"]
[Result "1-0"]
[WhiteElo "2313"]
[BlackElo "2165"]
[PlyCount "69"]
[EventDate "2018.07.14"]
[EventType "swiss"]
[EventRounds "9"]
[EventCountry "GER"]
[SourceTitle "CBM 185 Extra"]
[Source "ChessBase"]
[SourceDate "2018.07.29"]
[SourceVersion "1"]
[SourceVersionDate "2018.07.29"]
[SourceQuality "1"]

1. d4 d5 2. c4 e6 3. Nc3 Be7 4. cxd5 exd5 5. Bf4 Nf6 6. Qc2 c6 7. e3 Nh5 8. Be5 Nd7 9. Be2 Nhf6 10. Bf4 Nf8 11. h3 Ng6 12. Bg3 Bd6 13. Bxd6 Qxd6 14. Nf3 0-0 15. 0-0-0 b5 16. Bd3 Re8 17. g4 Be6 18. Kb1 a6 19. g5 Ne4 20. Nxe4 dxe4 21. Bxe4 Rac8 22. Rc1 Bc4 23. Nd2 Bd5 24. h4 Nf8 25. f3 Nd7 26. Bxd5 Qxd5 27. Ne4 Nb6 28. Qc5 Nc4 29. b3 Nxe3 30. Nd6 Qxf3 31. Nxc8 Rxc8 32. Qe5 Nd5 33. Rhf1 Qd3+ 34. Ka1 Ne3 35. Rfe1 1-0

[Event "Dortmund Sparkassen op-A 46th"]
[Site "Dortmund"]
[Date "2018.07.17"]
[Round "4"]
[White "Kashlinskaya, Alina"]
[Black "Wagner, Alexej"]
[Result "1-0"]
[WhiteElo "2435"]
[BlackElo "2313"]
[PlyCount "61"]
[EventDate "2018.07.14"]
[EventType "swiss"]
[EventRounds "9"]
[EventCountry "GER"]
[SourceTitle "CBM 185 Extra"]
[Source "ChessBase"]
[SourceDate "2018.07.29"]
[SourceVersion "1"]
[SourceVersionDate "2018.07.29"]
[SourceQuality "1"]

1. e4 c5 2. Nc3 d6 3. d4 cxd4 4. Qxd4 Nc6 5. Qd2 Nf6 6. b3 g6 7. Bb2 Bg7 8. 0-0-0 0-0 9. f3 Bd7 10. h4 Rc8 11. Kb1 Qa5 12. g4 Rc7 13. Nge2 b5 14. Nf4 Rfc8 15. g5 Ne8 16. Ncd5 Qxd2 17. Rxd2 Rb7 18. h5 e6 19. Bxg7 Kxg7 20. hxg6 fxg6 21. Rdh2 exd5 22. Rxh7+ Kg8 23. Nxd5 Ng7 24. Nf6+ Kf7 25. Rxg7+ Kxg7 26. Rh7+ Kf8 27. Nxd7+ Rxd7 28. Rxd7 Nd4 29. Rxd6 Nxc2 30. Kb2 b4 31. Bc4 1-0

[Event "NRW Class2 1718"]
[Site "Germany"]
[Date "2018.04.08"]
[Round "8.2"]
[White "Wagner, Alexej"]
[Black "Andreev, Eduard"]
[Result "0-1"]
[WhiteElo "2199"]
[BlackElo "2383"]
[PlyCount "60"]
[EventDate "2017.09.17"]
[EventType "team-tourn"]
[EventRounds "9"]
[EventCountry "GER"]
[SourceTitle "EXT 2019"]
[Source "ChessBase"]
[SourceDate "2018.10.10"]
[SourceVersion "1"]
[SourceVersionDate "2018.10.10"]
[SourceQuality "1"]
[WhiteTeam "Lippstadt Turm"]
[BlackTeam "Siegburg"]
[WhiteTeamCountry "GER"]
[BlackTeamCountry "GER"]

1. d4 Nf6 2. c4 e6 3. Nc3 Bb4 4. Qc2 0-0 5. Nf3 d6 6. Bd2 b6 7. e4 c5 8. Bd3 cxd4 9. Nxd4 Bb7 10. 0-0 Nbd7 11. f3 Ne5 12. Kh1 Rc8 13. b3 a6 14. a3 Bc5 15. Nde2 d5 16. exd5 Nxd3 17. Qxd3 exd5 18. cxd5 Nxd5 19. Nxd5 Qxd5 20. Qxd5 Bxd5 21. b4 Be7 22. Rfc1 Bc4 23. Ng3 f5 24. Bc3 g6 25. Kg1 Rfd8 26. Kf2 Bh4 27. f4 Rd3 28. Be1 Bf6 29. Rab1 Bd4+ 30. Ke2 Re8+ 0-1

[Event "Dortmund Sparkassen op-A 45th"]
[Site "Dortmund"]
[Date "2017.07.17"]
[Round "3"]
[White "Wagner, Alexej"]
[Black "Gramb, Marius"]
[Result "1-0"]
[WhiteElo "2277"]
[BlackElo "2110"]
[PlyCount "107"]
[EventDate "2017.07.15"]
[EventType "swiss"]
[EventRounds "9"]
[EventCountry "GER"]
[SourceTitle "CBM 179 Extra"]
[Source "ChessBase"]
[SourceDate "2017.08.23"]
[SourceVersion "1"]
[SourceVersionDate "2017.08.23"]
[SourceQuality "1"]

1. d4 Nf6 2. c4 e6 3. Nc3 Bb4 4. Qc2 0-0 5. Nf3 c5 6. dxc5 Na6 7. g3 Nxc5 8. Bg2 Nce4 9. 0-0 Nxc3 10. bxc3 Be7 11. e4 d6 12. e5 dxe5 13. Nxe5 Qc7 14. Qe2 Nd7 15. Bf4 Nxe5 16. Bxe5 Bd6 17. Bxd6 Qxd6 18. Rfd1 Qc7 19. Rab1 Rb8 20. Qe3 b6 21. c5 bxc5 22. Rxb8 Qxb8 23. Qxc5 Ba6 24. Be4 Rc8 25. Qe7 Re8 26. Qd7 Bb5 27. Qd4 Qc7 28. a4 e5 29. Qb4 Bc4 30. Qd6 Qxd6 31. Rxd6 Be6 32. Kf1 g6 33. Ke1 Rc8 34. Kd2 Kf8 35. Bd5 Bh3 36. c4 Ke7 37. Ra6 Rc7 38. Kc3 Bc8 39. Ra5 Kd6 40. Kb4 h5 41. Bf3 Bd7 42. Ra6+ Ke7 43. c5 Bc8 44. Rd6 Rd7 45. Rxd7+ Kxd7 46. Bd5 Ke7 47. Kb5 f6 48. h4 Kd8 49. Bf7 Bf5 50. Kc6 Kc8 51. Kd6 a5 52. Be6+ Kb8 53. Bxf5 gxf5 54. Kd7 1-0

[Event "Paderborn op 13th"]
[Site "Paderborn"]
[Date "2016.12.28"]
[Round "4"]
[White "Wagner, Alexej"]
[Black "Korneev, Oleg"]
[Result "0-1"]
[WhiteElo "2266"]
[BlackElo "2590"]
[PlyCount "76"]
[EventDate "2016.12.27"]
[EventType "swiss"]
[EventRounds "7"]
[EventCountry "GER"]
[SourceTitle "CBM 176 Extra"]
[Source "ChessBase"]
[SourceDate "2017.03.02"]
[SourceVersion "1"]
[SourceVersionDate "2017.03.02"]
[SourceQuality "1"]

1. d4 d5 2. c4 e6 3. Nc3 c6 4. e3 Nf6 5. Nf3 Nbd7 6. Qc2 Bd6 7. b3 0-0 8. Be2 b6 9. 0-0 Bb7 10. e4 Nxe4 11. Nxe4 dxe4 12. Qxe4 Nf6 13. Qh4 c5 14. Bb2 Ne4 15. Qxd8 Rfxd8 16. Rad1 cxd4 17. Bxd4 f6 18. Rd3 e5 19. Be3 Bb4 20. Rxd8+ Rxd8 21. a3 Nc3 22. axb4 Nxe2+ 23. Kh1 Rd3 24. h3 Ng3+ 25. fxg3 Rxe3 26. b5 a6 27. bxa6 Bxa6 28. Ra1 Bb7 29. Ra7 Bxf3 30. gxf3 Rxf3 31. Rb7 Rxb3 32. c5 h5 33. cxb6 Rxg3 34. Kh2 Rb3 35. Kg2 h4 36. Rb8+ Kh7 37. b7 Kg6 38. Kf2 Kf5 0-1

[Event "NRW Class1 1516"]
[Site "Germany"]
[Date "2015.11.22"]
[Round "3.2"]
[White "Wagner, Alexej"]
[Black "Kramps, Rene"]
[Result "0-1"]
[WhiteElo "2229"]
[BlackElo "2039"]
[PlyCount "74"]
[EventDate "2015.09.27"]
[EventType "team-tourn"]
[EventRounds "9"]
[EventCountry "GER"]
[SourceTitle "EXT 2017"]
[Source "ChessBase"]
[SourceDate "2016.10.25"]
[SourceVersion "1"]
[SourceVersionDate "2016.10.25"]
[SourceQuality "1"]
[WhiteTeam "Lippstadt Turm"]
[BlackTeam "Iserlohn Koenigsspringer"]
[WhiteTeamCountry "GER"]
[BlackTeamCountry "GER"]

1. d4 e6 2. c4 d5 3. Nc3 f5 4. Nf3 Nf6 5. g3 c6 6. Bg2 Bd6 7. 0-0 0-0 8. Qc2 Nbd7 9. cxd5 exd5 10. Qxf5 Ne5 11. Qc2 Nxf3+ 12. exf3 Nh5 13. Be3 Bf5 14. Qd2 Qd7 15. Rfe1 Bh3 16. Bh1 Rf6 17. Ne2 Raf8 18. f4 Rg6 19. Bf3 Qf5 20. Kh1 Rh6 21. Rac1 Nf6 22. Qc2 Ne4 23. Nc3 Bg4 24. Bxg4 Qxg4 25. Nxe4 dxe4 26. Qxe4 Rf5 27. Qg2 Rfh5 28. h4 Rg6 29. Rg1 Qe2 30. Qh3 Rg4 31. Kh2 Be7 32. Rce1 Qf3 33. Bd2 Bxh4 34. Re3 Qxf2+ 35. Rg2 Bxg3+ 36. Rexg3 Rxh3+ 37. Kxh3 Rxg3+ 0-1

[Event "Dortmund Sparkassen op-A"]
[Site "Dortmund"]
[Date "2015.07.04"]
[Round "8"]
[White "Wagner, Alexej"]
[Black "Schmitz, Philipp"]
[Result "0-1"]
[WhiteElo "2274"]
[BlackElo "2195"]
[PlyCount "82"]
[EventDate "2015.06.27"]
[EventType "swiss"]
[EventRounds "9"]
[EventCountry "GER"]
[SourceTitle "CBM 167 Extra"]
[Source "ChessBase"]
[SourceDate "2015.09.14"]
[SourceVersion "1"]
[SourceVersionDate "2015.09.14"]
[SourceQuality "1"]

1. d4 Nf6 2. c4 g6 3. Nc3 d5 4. cxd5 Nxd5 5. Bd2 Nb6 6. Bf4 Bg7 7. e3 0-0 8. Nf3 c5 9. dxc5 N6d7 10. Nd5 Nxc5 11. Rc1 Nba6 12. Bg5 f6 13. Bh4 Be6 14. Nc3 Qb6 15. Qc2 Rfd8 16. Nd4 Bf7 17. f4 g5 18. Bf2 Nb4 19. Qb1 e5 20. a3 exd4 21. axb4 Nb3 22. exd4 Nxc1 23. Qxc1 Re8+ 24. Be2 Bh5 25. Qd2 Qxb4 26. 0-0 Bxe2 27. Ra1 Bh5 28. Ra4 Qe7 29. h3 Bf7 30. d5 Rad8 31. Kh2 f5 32. fxg5 Bxc3 33. bxc3 Qe2 34. Qf4 Qe5 35. Qxe5 Rxe5 36. c4 b5 37. cxb5 Rexd5 38. Rxa7 Rxb5 39. Kg3 Rb2 40. Be1 Rd4 41. Rc7 Bd5 0-1

[Event "NRW Class1 1415"]
[Site "Germany"]
[Date "2015.01.11"]
[Round "5.3"]
[White "Wagner, Alexej"]
[Black "Kurr, Gerd"]
[Result "1-0"]
[WhiteElo "2206"]
[BlackElo "2190"]
[PlyCount "127"]
[EventDate "2014.09.14"]
[EventType "team-tourn"]
[EventRounds "9"]
[EventCountry "GER"]
[SourceTitle "EXT 2017"]
[Source "ChessBase"]
[SourceDate "2016.10.25"]
[SourceVersion "1"]
[SourceVersionDate "2016.10.25"]
[SourceQuality "1"]
[WhiteTeam "Lippstadt Turm"]
[BlackTeam "Elberfeld"]
[WhiteTeamCountry "GER"]
[BlackTeamCountry "GER"]

1. d4 Nf6 2. c4 c5 3. d5 b5 4. cxb5 a6 5. b6 Qxb6 6. Nc3 g6 7. e4 d6 8. Nf3 Bg4 9. Qa4+ Bd7 10. Qc2 Bg7 11. Nd2 0-0 12. Nc4 Qc7 13. a4 Re8 14. Be2 a5 15. Nb5 Qd8 16. Bd2 Na6 17. Nxa5 Nb4 18. Bxb4 cxb4 19. Nc6 b3 20. Qxb3 Bxc6 21. dxc6 Qa5+ 22. Qc3 Qb6 23. Qc4 Rec8 24. c7 Ne8 25. 0-0 Bxb2 26. Rab1 Be5 27. Rbc1 Qa5 28. f4 d5 29. Qxd5 Bxc7 30. Nxc7 Rxc7 31. Qxa5 Rxa5 32. Bb5 Rxc1 33. Rxc1 Nd6 34. Bc6 g5 35. g3 gxf4 36. gxf4 Nxe4 37. Bxe4 Rxa4 38. Re1 e6 39. Kg2 f5 40. Bd3 Kf7 41. Kf3 Ra3 42. Ke3 Ra4 43. Rb1 Ra2 44. Rb7+ Kf6 45. Rxh7 e5 46. fxe5+ Kxe5 47. Rh5 Kf6 48. Rxf5+ Kg7 49. h3 Rh2 50. Rf3 Kh6 51. Kf4 Kh5 52. Kg3 Rd2 53. Bf5 Rd5 54. Bg4+ Kg6 55. Rb3 Rc5 56. Rb6+ Kg7 57. Kf4 Ra5 58. Bf5 Ra1 59. Kg5 Ra8 60. Rb7+ Kh8 61. Kh6 Re8 62. Bg6 Rf8 63. Bf7 Rd8 64. Be6 1-0

[Event "NRW Class1 1415"]
[Site "Germany"]
[Date "2014.10.05"]
[Round "2.3"]
[White "Litwak, Aleksej"]
[Black "Wagner, Alexej"]
[Result "0-1"]
[WhiteElo "2243"]
[BlackElo "2206"]
[PlyCount "126"]
[EventDate "2014.09.14"]
[EventType "team-tourn"]
[EventRounds "9"]
[EventCountry "GER"]
[SourceTitle "EXT 2017"]
[Source "ChessBase"]
[SourceDate "2016.10.25"]
[SourceVersion "1"]
[SourceVersionDate "2016.10.25"]
[SourceQuality "1"]
[WhiteTeam "Oberhausen"]
[BlackTeam "Lippstadt Turm"]
[WhiteTeamCountry "GER"]
[BlackTeamCountry "GER"]

1. e4 c5 2. Nf3 d6 3. d4 cxd4 4. Nxd4 Nf6 5. Nc3 a6 6. Be2 e5 7. Nb3 Be7 8. 0-0 0-0 9. Kh1 Nc6 10. f4 a5 11. a4 Nb4 12. Be3 Be6 13. f5 Bd7 14. Bf3 d5 15. Nxd5 Nfxd5 16. exd5 Bxf5 17. Rf2 e4 18. Bg4 Bxg4 19. Qxg4 f5 20. Rxf5 Rxf5 21. Qxf5 Nxc2 22. Qe6+ Kh8 23. Bb6 Qc8 24. Rd1 Qxe6 25. dxe6 e3 26. Nc1 Bf6 27. Rd3 Re8 28. Bxe3 Rxe6 29. Bd2 Nb4 30. Re3 Rxe3 31. Bxe3 Bxb2 32. Nb3 Nd5 33. Bf2 b6 34. Nd2 Be5 35. Nc4 Bc7 36. g3 g6 37. Bd4+ Kg8 38. Kg2 Kf7 39. Kf3 Ke6 40. Ke4 h5 41. Bb2 Ne7 42. Bd4 Nc8 43. Kd3 Kd5 44. Ne3+ Kc6 45. Bf6 Nd6 46. Ng2 Nb7 47. Nh4 Nc5+ 48. Kc2 Nxa4 49. Nxg6 Kd5 50. Bh4 b5 51. h3 Kc4 52. g4 hxg4 53. hxg4 b4 54. Bf6 b3+ 55. Kb1 Nc3+ 56. Kb2 Nb5 57. Ne5+ Bxe5+ 58. Bxe5 a4 59. g5 a3+ 60. Kb1 Nc3+ 61. Bxc3 Kxc3 62. g6 a2+ 63. Ka1 Kc2 0-1

[Event "Dortmund Sparkassen op-A"]
[Site "Dortmund"]
[Date "2014.07.19"]
[Round "8"]
[White "Wagner, Alexej"]
[Black "Rott, Georg"]
[Result "0-1"]
[WhiteElo "2275"]
[BlackElo "2160"]
[PlyCount "82"]
[EventDate "2014.07.12"]
[EventType "swiss"]
[EventRounds "9"]
[EventCountry "GER"]
[SourceTitle "CBM 161 Extra"]
[Source "ChessBase"]
[SourceDate "2014.08.29"]
[SourceVersion "1"]
[SourceVersionDate "2014.08.29"]
[SourceQuality "1"]

1. d4 d5 2. c4 c6 3. cxd5 cxd5 4. Nc3 Nf6 5. Nf3 Nc6 6. Bf4 a6 7. e3 Bf5 8. Rc1 Qb6 9. Qd2 e6 10. a3 Qa5 11. h3 Be7 12. Bd3 Bxd3 13. Qxd3 Ne4 14. 0-0 Nxc3 15. Rxc3 0-0 16. Ne5 Na7 17. b4 Qd8 18. Rfc1 Rc8 19. Rxc8 Nxc8 20. Qc3 Bd6 21. Nd3 Bxf4 22. exf4 Nd6 23. Qc7 Qb8 24. Qxb8 Rxb8 25. Rc7 Nb5 26. Rd7 Nxa3 27. Ne5 f6 28. Nd3 Nc2 29. Nc5 Nxb4 30. Nxe6 g6 31. Nd8 b5 32. Nf7 Rb6 33. Nh6+ Kf8 34. Rf7+ Ke8 35. Rxh7 a5 36. h4 a4 37. Rh8+ Kd7 38. f5 gxf5 39. Rh7+ Ke6 40. Ra7 Ra6 41. Rc7 a3 0-1